| 000 | 00438 a2200133 4500 | ||
|---|---|---|---|
| 001 | 87846 | ||
| 082 | _aPR 223 | ||
| 090 |
_c41308 _d41308 |
||
| 100 | _aAther Mumtaz, Sub Lt 6916 ; Imran Hussain, Plt Off 14797 | ||
| 245 | _aFatigue analysis of mirage aircraft using commercially available finite element software ANSYS | ||
| 260 |
_aRisalpur _bNUST Risalpur _c2008 |
||
| 300 |
_axii, 81p. _eAbdul Munem Khan |
||
| 500 | _aBE Project Reports | ||
| 942 |
_aCAE NUST _kPR 223 |
||
| 999 |
_c322919 _d322919 |
||